<?xml version="1.0" encoding="UTF-8"?>
<record
    xmlns:xsi="http://www.w3.org/2001/XMLSchema-instance"
    xsi:schemaLocation="http://www.loc.gov/MARC21/slim http://www.loc.gov/standards/marcxml/schema/MARC21slim.xsd"
    xmlns="http://www.loc.gov/MARC21/slim">

  <leader>01473nam a22001697a 4500</leader>
  <controlfield tag="005">20240515120138.0</controlfield>
  <controlfield tag="008">240423b        |||||||| |||| 00| 0 eng d</controlfield>
  <datafield tag="041" ind1=" " ind2=" ">
    <subfield code="a">English</subfield>
  </datafield>
  <datafield tag="082" ind1=" " ind2=" ">
    <subfield code="a">746.33</subfield>
    <subfield code="b">REI</subfield>
  </datafield>
  <datafield tag="100" ind1=" " ind2=" ">
    <subfield code="a">Resifeld A.</subfield>
    <subfield code="9">206308</subfield>
  </datafield>
  <datafield tag="245" ind1=" " ind2=" ">
    <subfield code="a">Warp Knit Engineering</subfield>
  </datafield>
  <datafield tag="260" ind1=" " ind2=" ">
    <subfield code="a">New York</subfield>
    <subfield code="b">National Knitted Outerwear Association</subfield>
    <subfield code="c">1966</subfield>
  </datafield>
  <datafield tag="300" ind1=" " ind2=" ">
    <subfield code="a">467</subfield>
  </datafield>
  <datafield tag="520" ind1=" " ind2=" ">
    <subfield code="a">Chapter 1 What is Warp Knitting?
Chapter 2 Warp Knitting vs. Weaving
Chapter 3 Raw Materials of Warp Knitting
Chapter 4 Influence of Yarn Variables on Warp Knitting
Chapter 5 Modified Yarns in Warp Knitting
Chapter 6 Staple Fiber Yarns Used in Warp Knitting
Chapter 7 Evaluating Yarns Used in Warp Knitting
Chapter 8 Unconventional Fibers and Yarns Used in Warp Knitting
Chapter 9 Classification of Warp knitting Equipment.
Chapter 10 Needles and Guides in Warp Knitting
Chapter 11 Fundamentals of Raschel Knitting
Chapter 12 Fundamentals of Tricot Knitting
Chapter 13 Tricot Machine Assemblies
Chapter 14 Let-off Systems.
Chapter 15 Warp Knitting Cam Systems
Chapter 16 Tricot Jersey Fabrics
Chapter 17 Basic Tricot Stitches
Chapter 18 Special Presser Bar Fabrics
Chapter 19 Color Designs in Warp Knit Fabrics
Chapter 20 Warp Knit Meshes
Chapter 21 Warp Knit Industrial Netting
Chapter 22 Tuck Pile and Stretch Fabrics
Chapter 23 Fabric Calculations and Parameters 
Chapter 24 Warping
Index of Participating Advertisers

</subfield>
  </datafield>
  <datafield tag="650" ind1=" " ind2=" ">
    <subfield code="a">Knitting</subfield>
    <subfield code="9">185101</subfield>
  </datafield>
  <datafield tag="942" ind1=" " ind2=" ">
    <subfield code="c">DB</subfield>
  </datafield>
  <datafield tag="999" ind1=" " ind2=" ">
    <subfield code="c">357779</subfield>
    <subfield code="d">357779</subfield>
  </datafield>
  <datafield tag="952" ind1=" " ind2=" ">
    <subfield code="0">0</subfield>
    <subfield code="1">0</subfield>
    <subfield code="2">ddc</subfield>
    <subfield code="4">0</subfield>
    <subfield code="7">0</subfield>
    <subfield code="a">SOFT</subfield>
    <subfield code="b">SOFT</subfield>
    <subfield code="d">2024-03-11</subfield>
    <subfield code="l">0</subfield>
    <subfield code="o">746.33 REI</subfield>
    <subfield code="p">SOFT-BK-D50</subfield>
    <subfield code="r">2024-04-23 00:00:00</subfield>
    <subfield code="v">1.00</subfield>
    <subfield code="y">DB</subfield>
    <subfield code="z">D50</subfield>
  </datafield>
</record>
